000 00301nam a2200145Ia 4500
100 _aGrob/Bernard
942 _cBK
654 _aelectronics
245 _aBasic Electronics
260 _bMcGraw Hill
_aNew York
_c1987
082 _a621.381
_bGRO
300 _a737
546 _aENGLISH
999 _c35317
_d35317